| 000 | 00865nam a22002537a 4500 | ||
|---|---|---|---|
| 999 |
_c3046 _d3046 |
||
| 003 | AR-CdUCM | ||
| 008 | 190305b ||||| |||| 00| 0 spa d | ||
| 040 |
_aMUNICIPALIDAD PROVINCIAL DEL CUSCO _cBIBLIOTECA MUNICIPAL DEL CUSCO |
||
| 082 |
_a338.91 / _bB84 |
||
| 100 |
_aBroz Tito, Josip _94026 |
||
| 245 | _aLa no Alineación : Conciencia y Futuro de la Humanidad / | ||
| 260 |
_aBelgrano : _bIzdaje, _c1979. |
||
| 300 |
_a174 paginas ; _c20cm |
||
| 500 | _aCuestiones Actuales del Socialismo | ||
| 505 | _aContenido- Problemas internacionales -- Paises no alineados -- Fuerza politoco moral -- Alineamiento | ||
| 650 |
_aSocialismo _91037 |
||
| 650 |
_aProblemas internacionales _910357 |
||
| 650 |
_aLiteratura _983 |
||
| 650 |
_aSiglo XX _98 |
||
| 700 |
_aCengle, Franc _910358 |
||
| 700 |
_aStrugar, Novak _910359 |
||
| 942 |
_2ddc _cLIBROS |
||
| 945 | _apjha | ||